000 01945nam2a2200325 4500
001 RU\NLR\BIBL_A\011642145
005 20260405200325.0
010 _a978-5-93572-745-1
_bт. 1
_91500
021 _aRU
_b2018-7171
_9КН-П-490
035 _a(NLR Aleph) 011642145
035 _a(RuMoRGB)009531793
090 _a11085467
_c11085467
100 _a20180226d2017 k y0rusy50 ca
101 0 _arus
_aeng
102 _aRU
105 _aac b 001zy
200 1 _aАлдеверелд - Винк
_dAldewereld - Vijnck
_zeng
210 _d2017
215 _a438, [2] с.
_cцв. ил., портр.
320 _aБиблиогр. в примеч.: с. 17-18 и в конце лит. ст.
320 _aУказатель имен художников: с. 437-438
461 0 _1001RU\NLR\BIBL_A\011687786
_12001#$aГолландская живопись XVII-XVIII веков$dDutch painting seventeenth-eighteenth centuries$eкаталог коллекции$e[в 4 т.]$fИ. А. Соколова$gГосударственный Эрмитаж$zeng$vТ. 1
_1700#1$aСоколова$bИ. А.$cд-р культурологии$f1957-$gИрина Алексеевна$3RU\NLR\AUTH\7787962
_911321431
_aСоколова, И. А. (д-р культурологии ; 1957-)
_cСанкт-Петербург
_d2017
_fИ. А. Соколова
_lDutch painting seventeenth-eighteenth centuries
_nИзд-во Государственного Эрмитажа
_oкаталог коллекции : [в 4 т.]
_tГолландская живопись XVII-XVIII веков
_y9785935727444
_vТ. 1
510 1 _6z20790
_aAldewereld - Vijnck
_zeng
790 1 _8rus
_7ba
_aSokolova
_bI. A.
_cд-р культурологии
_f1957-
_gIrina Alekseevna
_3RU\NLR\AUTH\7787963
_970891
942 _cBOOK
980 _aNB